Statistiken für Länderumrisse auf einer Weltkarte #2

Klicken Sie hier um das Quiz zu spielen!

Allgemein

  • Dieses Quiz wurde 2,258 mal gespielt
  • Das Durchschnittsergebnis liegt bei 19 aus 20

Antwortstatistiken

Land % Korrekt
Kanada
100%
Finnland
99%
Island
99%
Japan
99%
Spanien
99%
Ägypten
98%
Griechenland
98%
Iran
96%
Indonesien
96%
Algerien
96%
Bolivien
94%
Vietnam
93%
Jemen
92%
Ecuador
90%
Dominikanische Republik
86%
Guyana
86%
Usbekistan
86%
Nigeria
85%
Südsudan
84%
Botswana
81%

Verteilung der Resultate

Perzentil nach korrekt beantworteten Fragen

Anzahl Personen mit jedem Resultat

Ihre Resultats-Entwicklung

Sie haben dieses Quiz noch nicht gespielt